000 02069nam a2200397 c 4500
003 BLK
005 20180422100608.0
008 180408b bul|||||r ||||||| ||bul||
010 _aKNG00041572000
020 _a978-954-07-3150-6
_bиздат.: Унив. изд. Св. Климент Охридски
040 _aBLK
041 _aBUL
_cBUL
072 7 _2bullib
_aН02
_xБиблиотечно дело Н
080 _aОрганизация, нареждане и запазване на библиотечните фондове - Система от фондове, сигнатура, авторски таблици, нареждане и проверка на фондовете, запазване и др. п.
_b025.8
_x(497.2)(091)
_z025.8(497.2)(091)
080 _aБиблиотеки при ВУЗовете
_b027.7
_x(497.2)(091)
_z027.7(497.2)(091)
100 1 _aДимчев, Александър Георгиев
_eпърви автор
_9366010
139 _aДимчев, Александър Георгиев
_bД 61
245 1 0 _aФондовете на библиотеките на университетите и висшите училища в периода 1888 - 1987 г.
_cАлександър Георгиев Димчев.
257 _aBGR
260 София
_bУнив. изд. Св. Климент Охридски
_c2010
300 _a75 с.
_bс табл.
_c20 см
380 _a0
500 _aСъдържа за авт. - Библиогр. : с. 65-68.
650 4 _aБиблиотечни фондове - България - история
_9267929
650 4 _aБиблиотеки, университетски - България - история
_9276130
651 4 _aБългария
_9241624
653 _aбиблиотечни фондове
653 _aуниверситетски библиотеки
653 _aистория
659 _aН
852 _aЦб 251780
856 4 _qpdf
_u
856 4 _qpdf
_u
942 _cKNG
_n0
944 _aCR
_c28.05.2011
_lф /
_kПенка_Димитрова
944 _aED
_c21.09.2012
_lф /
_k
999 _c38357
_d38357